Southville International School and Colleges
Your cart is empty.
  • Cart
  • Lists
    Public lists Eva Luna New books Lux_list list_1
    Your lists Log in to create your own lists
  • Log in to your account
  • Your cookies
  • Search history
Southville International School and Colleges
  • Advanced search
  • Recent comments
  • Most popular
  • Libraries

Log in to your account

Log in with GOOGLE


If you do not have an external account, but do have a local account, you can still log in:

  1. Home
  2. MARC view: Hotel and restaurant management :
Normal view MARC view ISBD view

Hotel and restaurant management : (Record no. 48349)

[ view plain ]
MARC details
000 -LEADER
fixed length control field 00637nam a2200193Ia 4500
008 - FIXED-LENGTH DATA ELEMENTS--GENERAL INFORMATION
fixed length control field 140321s9999 xx 000 0 und d
020 ## - INTERNATIONAL STANDARD BOOK NUMBER
International Standard Book Number 9789717251813
050 ## - LIBRARY OF CONGRESS CALL NUMBER
Classification number TX 911.3.M27
Item number .G917 2012
100 ## - MAIN ENTRY--PERSONAL NAME
Personal name Guasch, Juan Martin
245 ## - TITLE STATEMENT
Title Hotel and restaurant management :
Remainder of title an introduction /
Statement of responsibility, etc Juan Martin Guasch, Erlinda H. De Gracia and Cerila B. Esgra.
260 ## - PUBLICATION, DISTRIBUTION, ETC. (IMPRINT)
Place of publication, distribution, etc Manila :
Name of publisher, distributor, etc Grandbooks Pub. Inc.,
Date of publication, distribution, etc c2012.
300 ## - PHYSICAL DESCRIPTION
Extent 274 p. :
Other physical details ill. ;
Dimensions 21 cm.
500 ## - GENERAL NOTE
General note Includes bibliographical references.
521 ## - TARGET AUDIENCE NOTE
Target audience note
650 ## - SUBJECT ADDED ENTRY--TOPICAL TERM
Topical term or geographic name as entry element Hotel management.
650 ## - SUBJECT ADDED ENTRY--TOPICAL TERM
Topical term or geographic name as entry element Restaurant management.
942 ## - ADDED ENTRY ELEMENTS (KOHA)
Call number prefix Local
Koha item type Books
Holdings
Withdrawn status Lost status Damaged status Home library Current library Shelving location Date acquired Total Checkouts Full call number Barcode Date last seen Date checked out Price effective from Koha item type
      College Library College Library Reserve Section 03/21/2014 2 TX 911.3.M27 .G917 2012 C17632 05/15/2018 02/13/2015 03/21/2014 Books

Hotel and restaurant management :

APA

Guasch J. M., . (2012). Hotel and restaurant management. Manila: Grandbooks Pub. Inc.

Chicago

Guasch Juan Martin, . 2012. Hotel and restaurant management. Manila: Grandbooks Pub. Inc.

Harvard

Guasch J. M., . (2012). Hotel and restaurant management. Manila: Grandbooks Pub. Inc.

MLA

Guasch Juan Martin, . Hotel and restaurant management. Manila: Grandbooks Pub. Inc. 2012.

  • Place hold
  • Print
  • Cite
  • Add to your cart (remove)
  • Save record
    BIBTEX Dublin Core MARCXML MARC (non-Unicode/MARC-8) MARC (Unicode/UTF-8) MARC (Unicode/UTF-8, Standard) MODS (XML) RIS
  • More searches
    Search for this title in:
    Other Libraries (WorldCat) Other Databases (Google Scholar) Online Stores (Bookfinder.com) Open Library (openlibrary.org)

Exporting to Dublin Core...

SOUTHVILLE LIBRARY

Southville International School and Colleges Library

1281 Tropical Ave. Cor. Luxembourg St., BF Homes International, Las Pinas City

Tel. No. 8256374 / 252358 Loc. 117/146

Powered by Koha